Egy élettani probléma digitális szimulációja

Elmentve itt :
Bibliográfiai részletek
Szerző: Matievics István
További közreműködők: Hunya Péter (Témavezető)
Tanos Béla (Témavezető)
Dokumentumtípus: Szakdolgozat
Megjelent: 1967
Tárgyszavak:
Online Access:http://diploma.bibl.u-szeged.hu/20
LEADER 00626nta a2200181 i 4500
001 dipl20
005 20130314065452.0
008 101019s1967 hu om 0|| hun d
040 |a SZTE Diploma Repozitórium  |b hun 
041 |a hun 
100 1 |a Matievics István 
245 1 0 |a Egy élettani probléma digitális szimulációja  |h [elektronikus dokumentum] /  |c István Matievics 
260 |c 1967 
650 4 |a Informatika 
650 4 |a Computer and information sciences 
700 0 1 |a Hunya Péter  |e ths 
700 0 1 |a Tanos Béla  |e ths 
856 4 0 |u https://diploma.bibl.u-szeged.hu/id/eprint/20/1/1967_matievics_istvan_v_32.pdf  |z Dokumentum-elérés